[Event "Crotone Province-ch"]
[Site "Cutro"]
[Date "2006.02.04"]
[Round "2"]
[White "Baffa, Pietro"]
[Black "Scalise, Sandro"]
[Result "0-1"]
[WhiteElo "1727"]
[BlackElo "1592"]
[PlyCount "90"]
[EventDate "2006.02.03"]
[EventType "swiss"]
[EventRounds "5"]
[EventCountry "ITA"]
[SourceTitle "EXT 2024"]
[Source "ChessBase"]
[SourceDate "2023.10.10"]
[SourceVersion "1"]
[SourceVersionDate "2023.10.10"]
[SourceQuality "1"]

1. d4 Nf6 2. c4 g6 3. Nf3 d5 4. e3 Bg7 5. Nc3 0-0 6. Bd3 Bg4 7. h3 dxc4 8. Bxc4 Bf5 9. g4 Bd7 10. Qb3 e6 11. Ne5 Qc8 12. g5 Nh5 13. Nxd7 Nxd7 14. Be2 Nb6 15. Bxh5 gxh5 16. Ne4 Nd5 17. Rg1 b6 18. Qd1 f5 19. gxf6 Nxf6 20. Nxf6+ Rxf6 21. Qxh5 Qe8 22. Qg5 Rg6 23. Bd2 Rxg5 24. Rxg5 Qc6 25. Rc1 Qd5 26. Ke2 Kh8 27. Rcg1 Bf6 28. R5g4 e5 29. Bc3 exd4 30. Bxd4 Bxd4 31. Rxd4 Qe6 32. b3 Rg8 33. Rh1 c5 34. Rf4 Qd5 35. Rd1 Qe5 36. Kf3 Qe8 37. Rh4 Qe7 38. Rf4 Qe5 39. Rh4 Qf5+ 40. Ke2 Rg2 41. Rd8+ Kg7 42. Rf4 Qh5+ 43. Rf3 Rg6 44. Rd7+ Kh6 45. Rxa7 Rf6 0-1